[Event "fgoliveira"]
[Site "http://www.queenalice.com/game.php?id=720328"]
[Date "2010.1.25"]
[Round "-"]
[White "EduardoGP"]
[Black "fgoliveira"]
[Result "1-0"]
[WhiteElo "1716"]
[BlackElo "1160"]

1. e4 e5 2. Nf3 Nc6 3. Bb5 Nd4 4. Nxd4 exd4 5. d3 a6 6. Ba4 b5 7. Bb3 Bb4+ 8.
Nd2 Bb7 9. O-O Bxd2 10. Bxd2 Nf6 11. Bg5 O-O 12. e5 Qe7 13. exf6 gxf6 14. Re1
Qc5 15. Bxf6 Bxg2 16. Qg4+ Qg5 17. Qxg5# 1-0

[Event "Challenge"]
[Site "http://www.queenalice.com/game.php?id=720379"]
[Date "2010.1.25"]
[Round "-"]
[White "geosus"]
[Black "EduardoGP"]
[Result "0-1"]
[WhiteElo "1423"]
[BlackElo "1735"]

1. d4 Nf6 2. Nf3 g6 3. e3 d5 4. Na3 a6 5. h3 Nc6 6. Nb1 Bg7 7. Nc3 O-O 8. h4 h5
9. Qd3 Bf5 10. Qd1 Nb4 11. Bd3 Nxd3+ 12. Kf1 Nxc1 13. Rxc1 Bg4 14. Qd3 Bxf3 15.
gxf3 Qd6 16. Re1 Rfe8 17. e4 e5 18. dxe5 Qxe5 19. Na4 Rad8 20. Nc5 dxe4 21. Qa3
exf3 22. Qxf3 Qxe1+ 23. Kg2 Qe2 24. Qxe2 Rxe2 25. Nxb7 Rdd2 26. Rf1 Ng4 27. Kg3
Rxf2 28. Rxf2 Rxf2 29. Nc5 Be5+ 30. Kh3 Rh2# 0-1

[Event "fgoliveira"]
[Site "http://www.queenalice.com/game.php?id=721046"]
[Date "2010.1.27"]
[Round "-"]
[White "EduardoGP"]
[Black "fgoliveira"]
[Result "1-0"]
[WhiteElo "1733"]
[BlackElo "1302"]

1. e4 e5 2. Nf3 d6 3. d4 exd4 4. Nxd4 a6 5. Nc3 c6 6. Bd3 Qa5 7. O-O Qe5 8. Nf3
Bg4 9. Nxe5 Bxd1 10. Nxf7 Kxf7 11. Nxd1 Nf6 12. Nc3 Be7 13. Re1 Nbd7 14. Bf4 h6
15. f3 d5 16. exd5 Nxd5 17. Nxd5 cxd5 18. Bf5 Nb6 19. Be6+ Kg6 20. Rad1 Rhf8 21.
Bc7 Na4 22. Be5 Nxb2 23. Bxb2 Rf6 24. Bxf6 Bxf6 25. Rxd5 Rc8 26. Bxc8 b5 27.
Bxa6 b4 28. c4 bxc3 29. Rd6 Kh7 30. Bd3+ Kg8 31. Re8+ Kf7 32. Rde6 h5 33. h4
Bxh4 34. Bg6# 1-0

[Event "BRASIL"]
[Site "http://www.queenalice.com/game.php?id=722088"]
[Date "2010.1.29"]
[Round "1"]
[White "EduardoGP"]
[Black "alvarogoulart"]
[Result "1-0"]
[WhiteElo "1775"]
[BlackElo "1757"]

1. e4 e5 2. Nf3 d6 3. d4 exd4 4. Nxd4 Bd7 5. Nc3 Nc6 6. Nb3 Nf6 7. Bg5 Be7 8.
Bc4 Ne5 9. Be2 Nfg4 10. Bxe7 Qxe7 11. Nd5 Qd8 12. f4 Ne3 13. Nxe3 Ng6 14. O-O
Qf6 15. Nd5 Qd8 16. Qd4 O-O 17. f5 Ne5 18. Nf4 Qg5 19. Nd2 g6 20. fxg6 fxg6 21.
Bc4+ Kg7 22. Ne6+ Bxe6 23. Rxf8 Rxf8 24. Bxe6 Qf6 25. Bb3 Ng4 26. Qxf6+ Rxf6 27.
Rf1 c5 28. Rxf6 Kxf6 29. h3 Ne5 30. Kf2 b5 31. a3 a5 32. Ke3 c4 33. Ba2 Kg5 34.
Nf3+ Kf6 35. Nxe5 dxe5 36. c3 a4 37. Bb1 Kg5 38. g3 h5 39. Bc2 Kf6 40. Bd1 Kg5
41. h4+ Kf6 42. Kf3 g5 43. hxg5+ Kxg5 44. Be2 h4 45. gxh4+ Kxh4 46. Bf1 Kg5 47.
Kg3 Kf6 48. Kh4 Ke7 49. Kg5 Ke6 50. Bh3+ Ke7 51. Bc8 Kd6 52. Ba6 Kc6 53. Kf6 Kb6
54. Bxb5 Kxb5 55. Kxe5 Kc6 56. Ke6 Kc5 57. Kd7 Kb6 58. e5 Kc5 59. e6 Kd5 60. e7
Ke4 61. e8=Q+ Kd3 62. Qh5 Kc2 63. Qe2+ Kb3 64. Kc6 Ka2 65. Qc2 Ka1 66. Kb5 Ka2
67. Kxa4 Ka1 68. Kb4 Ka2 69. Kxc4 Ka1 70. Kd3 Ka2 71. Kd2 Ka1 72. Kd1 Ka2 73.
Kc1 Ka1 74. Qb1# 1-0

[Event "fgoliveira"]
[Site "http://www.queenalice.com/game.php?id=722537"]
[Date "2010.1.29"]
[Round "-"]
[White "fgoliveira"]
[Black "EduardoGP"]
[Result "0-1"]
[WhiteElo "1404"]
[BlackElo "1749"]

1. d4 Nf6 2. Nf3 Nc6 3. a3 d5 4. h3 h5 5. Nc3 Bf5 6. e3 g6 7. Bd3 Bxd3 8. Qxd3
Bg7 9. Qb5 Qc8 10. Nxd5 Nxd5 11. Qxd5 O-O 12. Nh4 Rd8 13. Qa2 Qd7 14. Nxg6 Nxd4
15. exd4 Qxd4 16. O-O Qe4 17. Bf4 c5 18. Rae1 Qxg6 19. g3 h4 20. g4 Rd4 21. Bh2
Rxg4+ 22. hxg4 Qxg4+ 23. Kh1 Qf3+ 24. Kg1 h3 25. Qxf7+ Kxf7 26. Re3 Qg2# 0-1

[Event "AUTO-INT-1575"]
[Site "http://www.queenalice.com/game.php?id=781316"]
[Date "2010.5.27"]
[Round "2"]
[White "Koukin"]
[Black "EduardoGP"]
[Result "0-1"]
[WhiteElo "1520"]
[BlackElo "1815"]

1. e4 c5 2. Bc4 Nc6 3. Qf3 Nf6 4. d3 Ne5 5. Qf4 Nxc4 6. dxc4 b6 7. Nf3 Bb7 8.
Ng5 h6 9. e5 hxg5 10. Qxg5 Ne4 11. Qe3 e6 12. b3 Be7 13. O-O Qc7 14. Nd2 Nxd2
15. Bxd2 Qc6 16. f3 d6 17. a4 a5 18. exd6 Bxd6 19. Bc3 Bxh2+ 20. Kf2 Qd6 21.
Rad1 Qg3+ 22. Ke2 Qxg2+ 23. Kd3 O-O-O+ 24. Bd4 Rxd4+ 25. Kc3 Rhd8 26. Rf2 Bf4
27. Qe2 Bxf3 28. Qf1 Be5 29. Rxg2 Rxd1# 0-1

[Event "AUTO-INT-1575"]
[Site "http://www.queenalice.com/game.php?id=781317"]
[Date "2010.5.27"]
[Round "2"]
[White "EduardoGP"]
[Black "Koukin"]
[Result "1-0"]
[WhiteElo "1823"]
[BlackElo "1453"]

1. e4 e5 2. Nf3 d6 3. d4 Nd7 4. Bc4 h6 5. Nc3 Ngf6 6. h3 Be7 7. Be3 c6 8. d5 b5
9. Bb3 b4 10. dxc6 Nb6 11. Bxb6 Qxb6 12. Nd5 Qxc6 13. Nxf6+ Bxf6 14. Bd5 Qa6 15.
Bxa8 Bb7 16. Bxb7 Qxb7 17. Qd5 Qa6 18. Qd3 Qb6 19. O-O O-O 20. Rfd1 Be7 21. Qd5
a5 22. Nd2 Bh4 23. g3 Bf6 24. Nc4 Qa7 25. Qxa5 Qb7 26. Nxd6 Qc6 27. Qxb4 Be7 28.
c4 Bxd6 29. Rxd6 Qc8 30. Rad1 Qxh3 31. Rd8 Rxd8 32. Rxd8+ Kh7 33. Qf8 f6 34. c5
Qg4 35. c6 Qd1+ 36. Rxd1 Kg6 37. f4 exf4 38. gxf4 1-0

[Event "AUTO-INT-1575"]
[Site "http://www.queenalice.com/game.php?id=781320"]
[Date "2010.5.27"]
[Round "2"]
[White "EduardoGP"]
[Black "ajr"]
[Result "1-0"]
[WhiteElo "1820"]
[BlackElo "1688"]

1. Nf3 d5 2. c4 dxc4 3. e3 b5 4. a4 c6 5. axb5 cxb5 6. b3 Be6 7. bxc4 Bxc4 8.
Bxc4 bxc4 9. Qa4+ Qd7 10. Qxc4 Nf6 11. Ne5 Qd5 12. Qc8+ Qd8 13. Qxd8+ 1-0

[Event "AUTO-INT-1575"]
[Site "http://www.queenalice.com/game.php?id=781321"]
[Date "2010.5.27"]
[Round "2"]
[White "ajr"]
[Black "EduardoGP"]
[Result "0-1"]
[WhiteElo "1499"]
[BlackElo "1832"]

1. d4 d5 2. h3 Nc6 3. a3 Bf5 4. e3 a6 5. Bd3 Bxd3 6. Qxd3 e5 7. dxe5 Nxe5 8. Qb3
b6 9. Qc3 Qd6 10. f4 Nd7 11. Nf3 Ngf6 12. Nbd2 g6 13. b4 Bg7 14. Nd4 Ne4 15.
Nxe4 dxe4 16. Bb2 c5 17. O-O-O cxd4 18. Qc4 b5 19. Qe2 d3 20. cxd3 Rc8+ 21. Kb1
O-O 22. Bxg7 Kxg7 23. dxe4 Qe6 24. Qb2+ Kg8 25. e5 Nb6 26. Rd3 Qf5 27. Rd1 Nc4
28. Qc1 Rfd8 29. Kc2 Nxe3+ 30. Kd2 Qxd3+ 31. Ke1 Qf1# 0-1

[Event "BRASIL"]
[Site "http://www.queenalice.com/game.php?id=802605"]
[Date "2010.7.13"]
[Round "3"]
[White "EduardoGP"]
[Black "Taurus"]
[Result "0-1"]
[WhiteElo "1825"]
[BlackElo "2094"]

1. e4 e5 2. Nf3 Nc6 3. Bb5 Nf6 4. O-O d6 5. d4 Bd7 6. Nc3 Nxd4 7. Bxd7+ Qxd7 8.
Bg5 Nc6 9. Bxf6 gxf6 10. Nd5 Be7 11. c4 O-O-O 12. a3 Rhg8 13. g3 f5 14. Nxe7+
Nxe7 15. b4 fxe4 0-1

[Event "AUTO-INT-1582"]
[Site "http://www.queenalice.com/game.php?id=813217"]
[Date "2010.8.4"]
[Round "2"]
[White "EduardoGP"]
[Black "RenatoAraujo"]
[Result "0-1"]
[WhiteElo "1831"]
[BlackElo "2245"]

1. e4 c5 2. Nf3 d6 3. d4 cxd4 4. Nxd4 Nf6 5. Nc3 a6 6. Bg5 e6 7. f4 Qb6 8. Nb3
Be7 9. Qf3 Nbd7 10. O-O-O Qc7 11. Bd3 h6 12. Bh4 b5 13. e5 Bb7 14. Qe2 dxe5 15.
fxe5 Nxe5 0-1

[Event "AUTO-INT-1582"]
[Site "http://www.queenalice.com/game.php?id=813218"]
[Date "2010.8.4"]
[Round "2"]
[White "RenatoAraujo"]
[Black "EduardoGP"]
[Result "1-0"]
[WhiteElo "2246"]
[BlackElo "1829"]

1. e4 e5 2. Nf3 Nc6 3. Bb5 a6 4. Ba4 Nf6 5. O-O Be7 6. Re1 b5 7. Bb3 O-O 8. c3
d6 9. h3 Bb7 10. d4 Re8 11. Nbd2 Na5 12. dxe5 Nxb3 13. Qxb3 dxe5 14. Nxe5 Rf8
15. a4 Bd6 16. Nec4 1-0

[Event "BlackRose Dragon"]
[Site "http://www.queenalice.com/game.php?id=823871"]
[Date "2010.8.27"]
[Round "3"]
[White "PROFALEXANDRE"]
[Black "EduardoGP"]
[Result "0-1"]
[WhiteElo "1555"]
[BlackElo "1827"]

1. e4 d6 2. d4 Nf6 3. Nc3 g6 4. h3 Bg7 5. Nf3 O-O 6. Bg5 c5 7. d5 Qa5 8. a3 Nxe4
9. b4 Bxc3+ 10. Bd2 Bxd2+ 11. Nxd2 cxb4 12. axb4 Qxb4 13. Bd3 Nxd2 14. Ke2 Ne4
15. Kf3 Nf6 16. Rb1 Qd4 17. Kg3 Nxd5 18. f3 Nc3 19. Qc1 Nxb1 20. Qxb1 Nc6 21.
Re1 Ne5 22. Be2 b6 23. f4 Qc3+ 24. Kf2 Bb7 25. Qd1 Rfc8 26. fxe5 Qxe5 27. Bg4
Qf4+ 28. Kg1 Qg3 29. Re2 f5 30. Rxe7 Qxg2# 0-1

[Event "BRASIL"]
[Site "http://www.queenalice.com/game.php?id=865562"]
[Date "2010.11.29"]
[Round "4"]
[White "roda"]
[Black "EduardoGP"]
[Result "1-0"]
[WhiteElo "1893"]
[BlackElo "1835"]

1. e4 d6 2. d4 Nf6 3. Nc3 g6 4. Nf3 Bg7 5. d5 Bg4 6. Be2 O-O 7. Be3 c6 8. h3
Bxf3 9. Bxf3 Nbd7 10. O-O Ne5 11. b3 Qa5 12. Bd2 1-0